Normal view
MARC view
- SEMICONDUCTORS-COMPUTER SIMULATION INTEGRATED CIRCUITS-DESIGN AND CONSTRUCTION-DATA PROCESSING COMPUTER AIDED DESIGN
Entry Topical Term
001 - CONTROL NUMBER
- control field: 80177
003 - CONTROL NUMBER IDENTIFIER
- control field: NUST
005 - DATE AND TIME OF LATEST TRANSACTION
- control field: 20210628210619.0
008 - FIXED-LENGTH DATA ELEMENTS
- fixed length control field: 210628|| aca||aabn | a|a d
040 ## - CATALOGING SOURCE
- Original cataloging agency: NUST
- Transcribing agency: NUST
150 ## - HEADING--TOPICAL TERM
- Topical term or geographic name entry element: SEMICONDUCTORS-COMPUTER SIMULATION INTEGRATED CIRCUITS-DESIGN AND CONSTRUCTION-DATA PROCESSING COMPUTER AIDED DESIGN
670 ## - SOURCE DATA FOUND
- Source citation: Work cat.: (NUST): Shur, Michael Fjeldly, Tor.A Ytterdal, Trond 80176, Introduction to device modeling and circuit simulation, 1998
